[Event "26th Abu Dhabi Master 2019"]
[Site "Abu Dhabi"]
[Date "2019.08.07"]
[Round "6.30"]
[White "Vignesh N R"]
[Black "Ilyasli, Ughur"]
[Result "1-0"]
[WhiteElo "2466"]
[BlackElo "2104"]
[Annotator "ChessBase"]
[PlyCount "61"]
[EventDate "2019.08.02"]
[EventType "swiss"]
[EventCountry "UAE"]
[SourceTitle "playchess.com"]
[Source "ChessBase"]
[SourceQuality "1"]
[TimeControl "5400+30"]

1. d4 {[%emt 0:00:44]} Nf6 {[%emt 0:00:00]} 2. Nf3 {[%emt 0:01:26]} g6 {[%emt 0:02:04]} 3. g3 {[%emt 0:02:38]} d5 {[%emt 0:02:30]} 4. c4 {[%emt 0:00:28]} Bg7 {[%emt 0:01:33]} 5. cxd5 {[%emt 0:00:19]} Nxd5 {[%emt 0:00:03]} 6. Bg2 {[%emt 0:00:07]} O-O {[%emt 0:01:17]} 7. O-O {[%emt 0:00:10]} Nb6 {[%emt 0:01:29]} 8. Nc3 {[%emt 0:03:05]} Nc6 {[%emt 0:01:51]} 9. e3 {[%emt 0:00:05]} a5 {[%emt 0:09:40]} 10. Qe2 {[%emt 0:04:36]} Be6 {[%emt 0:11:37]} 11. Nd2 {[%emt 0:06:19]} a4 {[%emt 0:00:20]} 12. Rd1 {[%emt 0:02:13]} f5 {[%emt 0:04:52]} 13. Ndb1 {[%emt 0:13:18]} Bc4 {[%emt 0:06:20]} 14. Qe1 {[%emt 0:00:14]} Bf7 {[%emt 0:02:34]} 15. Na3 {[%emt 0:01:21]} Qc8 {[%emt 0:09:59]} 16. d5 {[%emt 0:04:44]} Nb4 {[%emt 0:07:17]} 17. e4 {[%emt 0:00:54]} fxe4 {[%emt 0:04:25]} 18. Qxe4 {[%emt 0:00:15]} Bxc3 {[%emt 0:01:31]} 19. bxc3 {[%emt 0:00:16]} N4xd5 {[%emt 0:00:03]} 20. c4 {[%emt 0:02:35]} Nf6 {[%emt 0:07:08]} 21. Qxe7 {[%emt 0:03:16]} Qe6 {[%emt 0:02:55]} 22. Qxc7 {[%emt 0:05:18]} Rac8 {[%emt 0:00:03]} 23. Qxb7 {[%emt 0:05:49]} Nxc4 {[%emt 0:00:16]} 24. Nxc4 {[%emt 0:00:06]} Rxc4 {[%emt 0:00:02]} 25. Bh6 {[%emt 0:04:57]} Re8 {[%emt 0:04:10]} 26. Qb2 {[%emt 0:00:09]} Qf5 {[%emt 0:04:02]} 27. Rd6 {[%emt 0:01:57]} Qh5 {[%emt 0:06:01]} 28. Rxf6 {[%emt 0:03:37]} Qxh6 {[%emt 0:00:21]} 29. Rxf7 {[%emt 0:00:23]} Rec8 {[%emt 0:03:29]} 30. Bd5 {[%emt 0:00:21]} Rc1+ {[%emt 0:00:03]} 31. Kg2 {[%emt 0:00:26]} 1-0

[Event "26th Abu Dhabi Master 2019"]
[Site "Abu Dhabi"]
[Date "2019.08.07"]
[Round "6.31"]
[White "Vantika Agrawal"]
[Black "Shyaamnikhil P"]
[Result "0-1"]
[WhiteElo "2243"]
[BlackElo "2456"]
[Annotator "ChessBase"]
[PlyCount "144"]
[EventDate "2019.08.02"]
[EventType "swiss"]
[EventCountry "UAE"]
[SourceTitle "playchess.com"]
[Source "ChessBase"]
[SourceQuality "1"]
[TimeControl "5400+30"]

1. d4 {[%emt 0:00:05]} g6 {[%emt 0:00:43]} 2. Nf3 {[%emt 0:00:19]} Bg7 {[%emt 0:00:13]} 3. c4 {[%emt 0:00:09]} c5 {[%emt 0:03:38]} 4. d5 {[%emt 0:00:18]} Nf6 {[%emt 0:01:54]} 5. Nc3 {[%emt 0:00:24]} O-O {[%emt 0:00:10]} 6. g3 {[%emt 0:01:35]} a6 {[%emt 0:01:33]} 7. a4 {[%emt 0:02:39]} e6 {[%emt 0:00:16]} 8. Bg2 {[%emt 0:01:12]} exd5 {[%emt 0:00:08]} 9. cxd5 {[%emt 0:00:34]} d6 {[%emt 0:00:19]} 10. O-O {[%emt 0:02:57]} Re8 {[%emt 0:01:00]} 11. Re1 {[%emt 0:00:09]} Nbd7 {[%emt 0:12:39]} 12. Bf4 {[%emt 0:00:20]} Qc7 {[%emt 0:02:40]} 13. h3 {[%emt 0:00:30]} Rb8 {[%emt 0:04:21]} 14. e4 {[%emt 0:00:20]} Nh5 {[%emt 0:01:16]} 15. Bd2 {[%emt 0:08:31]} b5 {[%emt 0:01:16]} 16. axb5 {[%emt 0:02:09]} axb5 {[%emt 0:00:05]} 17. Bf1 {[%emt 0:28:26]} c4 {[%emt 0:14:45]} 18. g4 {[%emt 0:03:23]} Nhf6 {[%emt 0:07:55]} 19. b4 {[%emt 0:08:04]} cxb3 {[%emt 0:04:06]} 20. Qxb3 {[%emt 0:02:11]} Nxe4 {[%emt 0:15:17]} 21. Rac1 {[%emt 0:03:44]} Nef6 {[%emt 0:03:32]} 22. Rxe8+ {[%emt 0:04:20]} Nxe8 {[%emt 0:00:07]} 23. Nxb5 {[%emt 0:00:48]} Qd8 {[%emt 0:01:53]} 24. Bg5 {[%emt 0:12:35]} Qa5 {[%emt 0:02:34]} 25. Qe3 {[%emt 0:06:42]} Bb7 {[%emt 0:01:53]} 26. Qe7 {[%emt 0:09:09]} Ndf6 {[%emt 0:09:16]} 27. Nxd6 {[%emt 0:01:19]} Bxd5 {[%emt 0:01:14]} 28. Nc4 {[%emt 0:00:32]} Qa8 {[%emt 0:03:55]} 29. Nfd2 {[%emt 0:00:30]} h5 {[%emt 0:02:25]} 30. gxh5 {[%emt 0:00:32]} Nxh5 {[%emt 0:00:12]} 31. Re1 {[%emt 0:00:29]} Bf6 {[%emt 0:00:57]} 32. Bxf6 {[%emt 0:00:15]} Nexf6 {[%emt 0:00:06]} 33. Qd6 {[%emt 0:00:45]} Rd8 {[%emt 0:00:29]} 34. Qc7 {[%emt 0:00:27]} Rc8 {[%emt 0:00:33]} 35. Qd6 {[%emt 0:00:32]} Qb8 {[%emt 0:02:13]} 36. Qxb8 {[%emt 0:00:23]} Rxb8 {[%emt 0:00:05]} 37. Ne3 {[%emt 0:00:38]} Be6 {[%emt 0:00:08]} 38. Nf3 {[%emt 0:00:29]} Kg7 {[%emt 0:00:47]} 39. Ng5 {[%emt 0:00:14]} Nf4 {[%emt 0:00:22]} 40. Rd1 {[%emt 0:00:47]} Rh8 {[%emt 0:00:51]} 41. Kh2 {[%emt 0:00:29]} Rh5 {[%emt 0:00:42]} 42. Nxe6+ {[%emt 0:00:14]} Nxe6 {[%emt 0:00:06]} 43. Be2 {[%emt 0:00:36]} Rh8 {[%emt 0:00:16]} 44. Bg4 {[%emt 0:00:41]} Nxg4+ {[%emt 0:01:22]} 45. Nxg4 {[%emt 0:00:03]} Nf4 {[%emt 0:00:06]} 46. Kg3 {[%emt 0:00:27]} g5 {[%emt 0:00:35]} 47. Rh1 {[%emt 0:00:30]} f5 {[%emt 0:00:42]} 48. Ne3 {[%emt 0:00:23]} Kg6 {[%emt 0:00:11]} 49. Ng2 {[%emt 0:01:05]} Nh5+ {[%emt 0:01:31]} 50. Kf3 {[%emt 0:00:22]} Ra8 {[%emt 0:00:29]} 51. Rb1 {[%emt 0:00:38]} Ra3+ {[%emt 0:00:34]} 52. Ke2 {[%emt 0:00:11]} Rxh3 {[%emt 0:01:04]} 53. Rb6+ {[%emt 0:00:06]} Nf6 {[%emt 0:00:15]} 54. Ne3 {[%emt 0:00:35]} Rh7 {[%emt 0:00:10]} 55. Kf3 {[%emt 0:01:12]} Rd7 {[%emt 0:00:17]} 56. Ke2 {[%emt 0:00:29]} Re7 {[%emt 0:00:21]} 57. Kd3 {[%emt 0:00:27]} Re5 {[%emt 0:01:06]} 58. Ra6 {[%emt 0:00:26]} g4 {[%emt 0:00:21]} 59. Nc4 {[%emt 0:00:34]} Rd5+ {[%emt 0:00:58]} 60. Ke2 {[%emt 0:00:34]} f4 {[%emt 0:00:17]} 61. Nd2 {[%emt 0:00:31]} Kf5 {[%emt 0:00:15]} 62. Ra4 {[%emt 0:00:28]} Nd7 {[%emt 0:00:37]} 63. Ra8 {[%emt 0:00:26]} Re5+ {[%emt 0:00:34]} 64. Kf1 {[%emt 0:00:08]} Rc5 {[%emt 0:00:15]} 65. Rd8 {[%emt 0:00:35]} f3 {[%emt 0:01:03]} 66. Kg1 {[%emt 0:00:33]} Nf6 {[%emt 0:00:21]} 67. Kh2 {[%emt 0:00:26]} Rc2 {[%emt 0:00:38]} 68. Rd3 {[%emt 0:00:51]} Ne4 {[%emt 0:00:31]} 69. Nxe4 {[%emt 0:00:32]} Kxe4 {[%emt 0:00:06]} 70. Re3+ {[%emt 0:00:27]} Kf4 {[%emt 0:00:05]} 71. Kg1 {[%emt 0:00:35]} Rc1+ {[%emt 0:00:08]} 72. Kh2 {[%emt 0:00:30]} g3+ {[%emt 0:00:06]} 0-1

[Event "26th Abu Dhabi Master 2019"]
[Site "Abu Dhabi"]
[Date "2019.08.07"]
[Round "6.32"]
[White "Pranav Anand"]
[Black "Shevchenko, Kirill"]
[Result "0-1"]
[WhiteElo "2347"]
[BlackElo "2536"]
[Annotator "ChessBase"]
[PlyCount "104"]
[EventDate "2019.08.02"]
[EventType "swiss"]
[EventCountry "UAE"]
[SourceTitle "playchess.com"]
[Source "ChessBase"]
[SourceQuality "1"]
[TimeControl "5400+30"]

1. d4 {[%emt 0:00:00]} Nf6 {[%emt 0:00:00]} 2. c4 {[%emt 0:00:00]} e6 {[%emt 0:00:00]} 3. Nc3 {[%emt 0:00:00]} Bb4 {[%emt 0:00:00]} 4. f3 {[%emt 0:00:01]} c5 {[%emt 0:02:30]} 5. d5 {[%emt 0:00:07]} d6 {[%emt 0:01:45]} 6. e4 {[%emt 0:00:06]} O-O {[%emt 0:00:49]} 7. Nge2 {[%emt 0:00:47]} a6 {[%emt 0:00:52]} 8. Ng3 {[%emt 0:03:38]} b5 {[%emt 0:02:42]} 9. Be3 {[%emt 0:09:18]} Re8 {[%emt 0:10:10]} 10. Be2 {[%emt 0:08:14]} exd5 {[%emt 0:17:56]} 11. cxd5 {[%emt 0:00:10]} Nbd7 {[%emt 0:02:34]} 12. a3 {[%emt 0:04:38]} Ba5 {[%emt 0:03:26]} 13. O-O {[%emt 0:00:51]} c4 {[%emt 0:05:34]} 14. Nf5 {[%emt 0:17:25]} Nb6 {[%emt 0:12:47]} 15. Ng3 {[%emt 0:15:12]} Nbd7 {[%emt 0:08:52]} 16. Nf5 {[%emt 0:01:23]} Bb6 {[%emt 0:05:23]} 17. Nd4 {[%emt 0:03:16]} Nc5 {[%emt 0:04:31]} 18. Qd2 {[%emt 0:00:44]} Nfd7 {[%emt 0:05:05]} 19. a4 {[%emt 0:07:20]} b4 {[%emt 0:02:31]} 20. Nd1 {[%emt 0:11:21]} Ne5 {[%emt 0:02:33]} 21. Nf2 {[%emt 0:00:07]} a5 {[%emt 0:02:17]} 22. f4 {[%emt 0:10:17]} Ned3 {[%emt 0:00:07]} 23. Bxd3 {[%emt 0:01:09]} cxd3 {[%emt 0:00:31]} 24. Nc6 {[%emt 0:00:12]} Qc7 {[%emt 0:03:22]} 25. Bxc5 {[%emt 0:00:34]} Bxc5 {[%emt 0:00:05]} 26. Kh1 {[%emt 0:00:08]} Bxf2 {[%emt 0:01:59]} 27. Rxf2 {[%emt 0:00:36]} Rxe4 {[%emt 0:00:45]} 28. f5 {[%emt 0:02:02]} Qb6 {[%emt 0:01:55]} 29. f6 {[%emt 0:01:35]} Qe3 {[%emt 0:00:58]} 30. Rc1 {[%emt 0:03:06]} gxf6 {[%emt 0:01:20]} 31. Nxa5 {[%emt 0:00:25]} Qxd2 {[%emt 0:00:35]} 32. Rxd2 {[%emt 0:00:05]} Rxa5 {[%emt 0:00:01]} 33. Rxc8+ Kg7 34. Kg1 {[%emt 0:01:18]} Rxd5 {[%emt 0:00:02]} 35. a5 {[%emt 0:01:02]} Rf5 {[%emt 0:02:59]} 36. h3 {[%emt 0:00:00]} Re1+ {[%emt 0:00:13]} 37. Kh2 {[%emt 0:00:00]} Rd5 {[%emt 0:00:29]} 38. a6 {[%emt 0:00:25]} Ra1 {[%emt 0:00:04]} 39. Rc4 {[%emt 0:00:08]} Rxa6 {[%emt 0:01:04]} 40. Rxb4 {[%emt 0:00:04]} f5 {[%emt 0:00:01]} 41. Rb3 {[%emt 0:00:39]} Kf6 {[%emt 0:00:12]} 42. Rbxd3 {[%emt 0:00:06]} Rxd3 {[%emt 0:00:01]} 43. Rxd3 {[%emt 0:00:02]} Ke5 {[%emt 0:00:00]} 44. Re3+ {[%emt 0:00:34]} Kf4 {[%emt 0:01:17]} 45. Re7 {[%emt 0:00:35]} d5 {[%emt 0:00:07]} 46. Rxf7 {[%emt 0:01:54]} d4 {[%emt 0:00:42]} 47. Rxh7 {[%emt 0:01:10]} Rd6 {[%emt 0:00:39]} 48. Re7 {[%emt 0:00:27]} d3 {[%emt 0:00:04]} 49. Re1 {[%emt 0:00:05]} d2 {[%emt 0:00:02]} 50. Rd1 {[%emt 0:00:15]} Ke3 {[%emt 0:00:10]} 51. Kg3 {[%emt 0:00:39]} Rg6+ {[%emt 0:00:13]} 52. Kh2 {[%emt 0:00:41]} Ke2 {[%emt 0:00:05]} 0-1

[Event "26th Abu Dhabi Master 2019"]
[Site "Abu Dhabi"]
[Date "2019.08.07"]
[Round "6.33"]
[White "Nguyen, Anh Khoi"]
[Black "Raja Rithvik R"]
[Result "1-0"]
[WhiteElo "2516"]
[BlackElo "2357"]
[Annotator "ChessBase"]
[PlyCount "51"]
[EventDate "2019.08.02"]
[EventType "swiss"]
[EventCountry "UAE"]
[SourceTitle "playchess.com"]
[Source "ChessBase"]
[SourceQuality "1"]
[TimeControl "5400+30"]

1. d4 Nf6 2. c4 e6 3. Nf3 d5 4. Nc3 Be7 5. cxd5 exd5 6. Qc2 c6 7. Bg5 g6 8. e3 Bf5 9. Bd3 Bxd3 10. Qxd3 O-O 11. Bxf6 Bxf6 12. h4 Nd7 13. h5 Re8 14. O-O-O a5 15. e4 dxe4 16. Nxe4 Nb6 17. hxg6 hxg6 18. Ne5 Kg7 19. Qe3 Kg8 20. Nxf6+ Qxf6 21. Ng4 Qg7 22. Qa3 Qf8 23. Nf6+ Kg7 24. Qf3 Qe7 25. Rh7+ Kf8 26. Rdh1 1-0

[Event "26th Abu Dhabi Master 2019"]
[Site "Abu Dhabi"]
[Date "2019.08.07"]
[Round "6.34"]
[White "Manush Shah"]
[Black "Iniyan, P."]
[Result "1/2-1/2"]
[WhiteElo "2373"]
[BlackElo "2524"]
[Annotator "ChessBase"]
[PlyCount "56"]
[EventDate "2019.08.02"]
[EventType "swiss"]
[EventCountry "UAE"]
[SourceTitle "playchess.com"]
[Source "ChessBase"]
[SourceQuality "1"]
[TimeControl "5400+30"]

1. d4 {[%emt 0:02:10]} Nf6 {[%emt 0:00:00]} 2. Nf3 {[%emt 0:00:09]} g6 {[%emt 0:00:00]} 3. c4 {[%emt 0:00:05]} Bg7 {[%emt 0:00:30]} 4. g3 {[%emt 0:00:04]} O-O {[%emt 0:00:21]} 5. Bg2 {[%emt 0:00:05]} d6 {[%emt 0:00:08]} 6. Nc3 {[%emt 0:00:05]} Nc6 {[%emt 0:00:06]} 7. O-O {[%emt 0:00:08]} a6 {[%emt 0:00:03]} 8. Qd3 {[%emt 0:00:07]} Bd7 {[%emt 0:01:41]} 9. d5 {[%emt 0:00:09]} Nb4 {[%emt 0:00:05]} 10. Qd1 {[%emt 0:00:12]} a5 {[%emt 0:00:05]} 11. a3 {[%emt 0:00:32]} Na6 {[%emt 0:00:09]} 12. Be3 {[%emt 0:01:29]} Qc8 {[%emt 0:04:29]} 13. Bd4 {[%emt 0:03:55]} Re8 {[%emt 0:02:31]} 14. e4 {[%emt 0:06:23]} e5 {[%emt 0:09:26]} 15. dxe6 {[%emt 0:11:04]} Bxe6 {[%emt 0:00:32]} 16. Nd5 {[%emt 0:10:32]} Qd8 {[%emt 0:01:28]} 17. Re1 {[%emt 0:02:29]} Bg4 {[%emt 0:01:32]} 18. h3 {[%emt 0:11:45]} Bxf3 {[%emt 0:00:11]} 19. Qxf3 {[%emt 0:00:45]} Nxd5 {[%emt 0:00:18]} 20. Bxg7 {[%emt 0:00:04]} Kxg7 {[%emt 0:00:09]} 21. cxd5 {[%emt 0:00:52]} Nc5 {[%emt 0:02:19]} 22. Rac1 {[%emt 0:04:43]} Qf6 {[%emt 0:01:54]} 23. Qxf6+ {[%emt 0:03:24]} Kxf6 {[%emt 0:00:07]} 24. Re3 {[%emt 0:00:20]} a4 {[%emt 0:00:48]} 25. f4 {[%emt 0:07:02]} Kg7 {[%emt 0:06:41]} 26. e5 {[%emt 0:06:57]} Ra5 {[%emt 0:08:37]} 27. Bf1 {[%emt 0:07:57]} Re7 {[%emt 0:02:19]} 28. Kf2 {[%emt 0:01:44]} f5 {[%emt 0:07:55]} 1/2-1/2

[Event "26th Abu Dhabi Master 2019"]
[Site "Abu Dhabi"]
[Date "2019.08.07"]
[Round "6.35"]
[White "Vasquez Schroeder, Rodrigo"]
[Black "Mullick, Raahil"]
[Result "1-0"]
[WhiteElo "2496"]
[BlackElo "2211"]
[Annotator "ChessBase"]
[PlyCount "99"]
[EventDate "2019.08.02"]
[EventType "swiss"]
[EventCountry "UAE"]
[SourceTitle "playchess.com"]
[Source "ChessBase"]
[SourceQuality "1"]
[TimeControl "5400+30"]

1. e4 {[%emt 0:00:23]} e5 {[%emt 0:00:53]} 2. Nf3 {[%emt 0:00:02]} Nc6 {[%emt 0:00:11]} 3. Bc4 {[%emt 0:00:12]} Bc5 {[%emt 0:00:03]} 4. c3 {[%emt 0:00:13]} Nf6 {[%emt 0:01:05]} 5. d3 {[%emt 0:00:10]} a6 {[%emt 0:00:35]} 6. Bb3 {[%emt 0:00:23]} Ba7 {[%emt 0:00:10]} 7. h3 {[%emt 0:00:10]} d6 {[%emt 0:00:10]} 8. Nbd2 {[%emt 0:00:20]} Be6 {[%emt 0:00:52]} 9. Nc4 {[%emt 0:10:15]} O-O {[%emt 0:08:14]} 10. O-O {[%emt 0:02:54]} Qd7 {[%emt 0:04:53]} 11. Ng5 {[%emt 0:01:56]} Bxc4 {[%emt 0:01:30]} 12. Bxc4 {[%emt 0:00:13]} Na5 {[%emt 0:00:03]} 13. Qe2 {[%emt 0:04:08]} Nxc4 {[%emt 0:16:02]} 14. dxc4 {[%emt 0:00:03]} b5 {[%emt 0:00:14]} 15. Re1 {[%emt 0:03:54]} Qc6 {[%emt 0:07:13]} 16. Nf3 {[%emt 0:01:28]} Nd7 {[%emt 0:11:46]} 17. cxb5 {[%emt 0:01:18]} axb5 {[%emt 0:00:38]} 18. Nh4 {[%emt 0:00:47]} g6 {[%emt 0:11:52]} 19. Bh6 {[%emt 0:00:22]} Rfe8 {[%emt 0:00:40]} 20. Rad1 {[%emt 0:03:00]} Bb6 {[%emt 0:05:06]} 21. a3 {[%emt 0:01:27]} Ra4 {[%emt 0:02:08]} 22. Nf3 {[%emt 0:01:07]} Nc5 {[%emt 0:02:25]} 23. b4 {[%emt 0:02:04]} Nd7 {[%emt 0:02:57]} 24. Bc1 {[%emt 0:03:17]} Nf6 {[%emt 0:07:50]} 25. Bb2 {[%emt 0:00:25]} Raa8 {[%emt 0:00:31]} 26. Rc1 {[%emt 0:01:51]} Nh5 {[%emt 0:02:03]} 27. c4 {[%emt 0:11:17]} Nf4 {[%emt 0:01:34]} 28. Qf1 {[%emt 0:00:13]} bxc4 {[%emt 0:01:03]} 29. Rxc4 {[%emt 0:04:16]} Qb5 {[%emt 0:02:58]} 30. Rec1 {[%emt 0:01:45]} Rf8 {[%emt 0:04:06]} 31. g3 {[%emt 0:09:30]} Ne6 {[%emt 0:00:23]} 32. Qd3 {[%emt 0:00:43]} f5 {[%emt 0:01:22]} 33. Qd5 {[%emt 0:01:56]} Qxd5 {[%emt 0:01:54]} 34. exd5 {[%emt 0:00:07]} Ng7 {[%emt 0:00:28]} 35. Kg2 {[%emt 0:01:54]} h6 {[%emt 0:01:10]} 36. Rc6 {[%emt 0:03:43]} Ne8 {[%emt 0:01:08]} 37. Nd2 {[%emt 0:00:27]} Kf7 {[%emt 0:01:45]} 38. Nc4 {[%emt 0:00:13]} Ba7 {[%emt 0:00:18]} 39. Ra6 {[%emt 0:00:44]} Nf6 {[%emt 0:00:43]} 40. Nxe5+ {[%emt 0:00:38]} dxe5 {[%emt 0:00:25]} 41. Rxc7+ {[%emt 0:00:07]} Kg8 {[%emt 0:00:21]} 42. Raxa7 {[%emt 0:00:14]} Rxa7 {[%emt 0:00:17]} 43. Rxa7 {[%emt 0:00:08]} Nxd5 {[%emt 0:00:40]} 44. Bxe5 {[%emt 0:00:20]} Rf7 {[%emt 0:00:43]} 45. Ra8+ {[%emt 0:00:31]} Rf8 {[%emt 0:00:05]} 46. Ra6 {[%emt 0:01:14]} Kf7 {[%emt 0:00:24]} 47. Rd6 {[%emt 0:00:09]} Ne7 {[%emt 0:00:29]} 48. Rf6+ {[%emt 0:00:07]} Ke8 {[%emt 0:00:04]} 49. Rxf8+ {[%emt 0:00:05]} Kxf8 {[%emt 0:00:03]} 50. Bd6 {[%emt 0:00:05]} 1-0

[Event "26th Abu Dhabi Master 2019"]
[Site "Abu Dhabi"]
[Date "2019.08.07"]
[Round "6.36"]
[White "Krishnater Kushager"]
[Black "Sadhwani, Raunak"]
[Result "1/2-1/2"]
[WhiteElo "2324"]
[BlackElo "2477"]
[Annotator "ChessBase"]
[PlyCount "72"]
[EventDate "2019.08.02"]
[EventType "swiss"]
[EventCountry "UAE"]
[SourceTitle "playchess.com"]
[Source "ChessBase"]
[SourceQuality "1"]
[TimeControl "5400+30"]

1. d4 {[%emt 0:00:00]} Nf6 {[%emt 0:00:00]} 2. c4 {[%emt 0:00:00]} g6 {[%emt 0:00:00]} 3. Nc3 {[%emt 0:00:00]} Bg7 {[%emt 0:00:00]} 4. e4 {[%emt 0:00:00]} d6 {[%emt 0:00:00]} 5. Nf3 {[%emt 0:00:19]} O-O {[%emt 0:00:00]} 6. h3 {[%emt 0:00:24]} e5 {[%emt 0:03:50]} 7. d5 {[%emt 0:00:20]} Nh5 {[%emt 0:00:07]} 8. g3 {[%emt 0:00:10]} f5 {[%emt 0:07:55]} 9. exf5 {[%emt 0:00:10]} gxf5 {[%emt 0:00:05]} 10. Nh4 {[%emt 0:00:06]} Nf6 {[%emt 0:10:26]} 11. Bd3 {[%emt 0:09:06]} Ne8 {[%emt 0:01:41]} 12. Qh5 {[%emt 0:11:23]} e4 {[%emt 0:03:12]} 13. Bc2 {[%emt 0:00:56]} Na6 {[%emt 0:04:57]} 14. a3 {[%emt 0:00:13]} Nf6 {[%emt 0:04:11]} 15. Qg5 {[%emt 0:09:42]} h6 {[%emt 0:05:48]} 16. Qg6 {[%emt 0:03:23]} Qe8 {[%emt 0:00:21]} 17. Be3 {[%emt 0:01:14]} Bd7 {[%emt 0:06:25]} 18. O-O-O {[%emt 0:02:45]} Nc5 {[%emt 0:06:09]} 19. Rhg1 {[%emt 0:08:45]} Qxg6 {[%emt 0:02:00]} 20. Nxg6 {[%emt 0:00:30]} Rfe8 {[%emt 0:00:06]} 21. Nf4 {[%emt 0:07:28]} a5 {[%emt 0:01:48]} 22. Rg2 {[%emt 0:00:35]} Nh7 {[%emt 0:04:17]} 23. Nh5 {[%emt 0:02:35]} Bxc3 {[%emt 0:08:09]} 24. bxc3 {[%emt 0:00:05]} Kf7 {[%emt 0:00:14]} 25. g4 {[%emt 0:04:45]} Rg8 {[%emt 0:04:12]} 26. Rdg1 {[%emt 0:03:51]} fxg4 {[%emt 0:00:43]} 27. hxg4 {[%emt 0:00:06]} Ng5 {[%emt 0:00:32]} 28. Rh1 {[%emt 0:00:40]} Rae8 {[%emt 0:07:54]} 29. Nf4 {[%emt 0:02:34]} Rh8 {[%emt 0:00:08]} 30. Bd4 {[%emt 0:13:22]} Rh7 {[%emt 0:00:01]} 31. Rg3 {[%emt 0:00:49]} Ba4 {[%emt 0:03:27]} 32. Bxa4 {[%emt 0:02:24]} Nxa4 {[%emt 0:00:01]} 33. Nh3 {[%emt 0:00:33]} Kg6 {[%emt 0:02:35]} 34. Nf4+ {[%emt 0:00:12]} Kf7 {[%emt 0:00:01]} 35. Nh3 {[%emt 0:00:05]} Kg6 {[%emt 0:06:22]} 36. Nf4+ {[%emt 0:01:17]} Kf7 {[%emt 0:00:08]} 1/2-1/2